Statistics for Moderne zemlje Portugal Emperie na karti

Click here to take the quiz!

General Stats

  • This quiz has been taken 98 times
  • The average score is 4 of 12

Answers on the Map

Answers color-coded by a green-red scale on the quiz's map according to % correct below.
 

Answer Stats

Zemlje% Correct
Brazil
87%
Portugal
79%
Urugvaj
62%
Angola
40%
Mozambik
34%
Zelenortski Otoci
27%
Istočni Timor
19%
Sveti Toma i Princip
19%
Kina
18%
Malavi
17%
Indija
16%
Gvineja Bisau
12%

Score Distribution

Percentile by Number Answered

Percent of People with Each Score

Your Score History

You have not taken this quiz